| 000 | 01301nam a2200241Ia 4500 | ||
|---|---|---|---|
| 003 | Ost | ||
| 005 | 20260507075305.0 | ||
| 008 | 260507s9999||||xx |||||||||||||| ||und|| | ||
| 040 | _cfsecg | ||
| 041 | _aara | ||
| 082 | _a330 | ||
| 100 |
_aعبد الله، خالد امين _eمؤلف |
||
| 245 | 0 |
_aأساسيات المحاسبة و طرقها / _c خالد امين عبد الله |
|
| 250 | _aطبعة 2 | ||
| 260 |
_aعمان: _bدار وائل, _c2001 |
||
| 300 |
_a384 صفحة؛ _bإيضاحات ؛ _c24 سم |
||
| 520 | _aمعلومات تمهيدية حول المحاسبة ، النظام المحاسبي و نظريات القيد المحاسبي ، محاسبة المشروع الفردي وفق نظام اليومية و عمليات ها المشروع في دفتر اليومية و دفير الأستاذ ، ميزان المراجعة و الاخطاء ، الحسابات الختامية و الميزانية العمومية ، الجرد و التسويات الجردية ، الطرق المحاسبية و الحسابات الاجمالية. | ||
| 653 | _aالمحاسبة | ||
| 653 | _aالميزانية العامة | ||
| 653 | _aتدقيق الحسابات | ||
| 700 |
_aحمزة بشير، أبو عاصي _eمؤلف ثانوي |
||
| 942 | _cكتاب | ||
| 999 |
_c43810 _d43810 |
||